<?xml version="1.0" encoding="UTF-8"?>
<record
    xmlns:xsi="http://www.w3.org/2001/XMLSchema-instance"
    xsi:schemaLocation="http://www.loc.gov/MARC21/slim http://www.loc.gov/standards/marcxml/schema/MARC21slim.xsd"
    xmlns="http://www.loc.gov/MARC21/slim">

  <leader>00332    a2200157   4500</leader>
  <controlfield tag="001">183950</controlfield>
  <datafield tag="020" ind1=" " ind2=" ">
    <subfield code="a">85-262-4195-8</subfield>
  </datafield>
  <datafield tag="040" ind1=" " ind2=" ">
    <subfield code="c">Magnum</subfield>
  </datafield>
  <datafield tag="100" ind1=" " ind2=" ">
    <subfield code="a">Cervantes, Miguel de</subfield>
  </datafield>
  <datafield tag="240" ind1="1" ind2="0">
    <subfield code="a">Dom quixote</subfield>
    <subfield code="l">por</subfield>
  </datafield>
  <datafield tag="245" ind1="1" ind2="0">
    <subfield code="a">Dom quixote</subfield>
  </datafield>
  <datafield tag="300" ind1=" " ind2=" ">
    <subfield code="a">134</subfield>
  </datafield>
  <datafield tag="362" ind1="0" ind2=" ">
    <subfield code="a">2005</subfield>
  </datafield>
  <datafield tag="697" ind1=" " ind2=" ">
    <subfield code="a">LITERATURA GERAL ESTRANGEIRA</subfield>
  </datafield>
  <datafield tag="942" ind1=" " ind2=" ">
    <subfield code="c">BK</subfield>
  </datafield>
  <datafield tag="952" ind1=" " ind2=" ">
    <subfield code="0">0</subfield>
    <subfield code="1">0</subfield>
    <subfield code="4">0</subfield>
    <subfield code="7">0</subfield>
    <subfield code="a">32.5</subfield>
    <subfield code="b">32.5</subfield>
    <subfield code="d">2024-06-08</subfield>
    <subfield code="l">0</subfield>
    <subfield code="o">890.2.217</subfield>
    <subfield code="p">MAG00040833</subfield>
    <subfield code="r">2024-06-08 21:00:39</subfield>
    <subfield code="w">2024-06-08</subfield>
    <subfield code="y">BK</subfield>
  </datafield>
  <datafield tag="952" ind1=" " ind2=" ">
    <subfield code="0">0</subfield>
    <subfield code="1">0</subfield>
    <subfield code="4">0</subfield>
    <subfield code="7">0</subfield>
    <subfield code="a">32.5</subfield>
    <subfield code="b">32.5</subfield>
    <subfield code="d">2024-06-08</subfield>
    <subfield code="l">0</subfield>
    <subfield code="o">890.2.217</subfield>
    <subfield code="p">MAG00040834</subfield>
    <subfield code="r">2024-06-08 21:00:39</subfield>
    <subfield code="w">2024-06-08</subfield>
    <subfield code="y">BK</subfield>
  </datafield>
  <datafield tag="952" ind1=" " ind2=" ">
    <subfield code="0">0</subfield>
    <subfield code="1">0</subfield>
    <subfield code="4">0</subfield>
    <subfield code="7">0</subfield>
    <subfield code="a">32.5</subfield>
    <subfield code="b">32.5</subfield>
    <subfield code="d">2024-06-08</subfield>
    <subfield code="l">0</subfield>
    <subfield code="o">890.2.217</subfield>
    <subfield code="p">MAG00040835</subfield>
    <subfield code="r">2024-06-08 21:00:39</subfield>
    <subfield code="w">2024-06-08</subfield>
    <subfield code="y">BK</subfield>
  </datafield>
  <datafield tag="952" ind1=" " ind2=" ">
    <subfield code="0">0</subfield>
    <subfield code="1">0</subfield>
    <subfield code="4">0</subfield>
    <subfield code="7">0</subfield>
    <subfield code="a">32.5</subfield>
    <subfield code="b">32.5</subfield>
    <subfield code="d">2024-06-08</subfield>
    <subfield code="l">0</subfield>
    <subfield code="o">890.2.217</subfield>
    <subfield code="p">MAG00040836</subfield>
    <subfield code="r">2024-06-08 21:00:39</subfield>
    <subfield code="w">2024-06-08</subfield>
    <subfield code="y">BK</subfield>
  </datafield>
  <datafield tag="952" ind1=" " ind2=" ">
    <subfield code="0">0</subfield>
    <subfield code="1">0</subfield>
    <subfield code="4">0</subfield>
    <subfield code="7">0</subfield>
    <subfield code="a">32.5</subfield>
    <subfield code="b">32.5</subfield>
    <subfield code="d">2024-06-08</subfield>
    <subfield code="l">0</subfield>
    <subfield code="o">890.2.217</subfield>
    <subfield code="p">MAG00040837</subfield>
    <subfield code="r">2024-06-08 21:00:39</subfield>
    <subfield code="w">2024-06-08</subfield>
    <subfield code="y">BK</subfield>
  </datafield>
  <datafield tag="952" ind1=" " ind2=" ">
    <subfield code="0">0</subfield>
    <subfield code="1">0</subfield>
    <subfield code="4">0</subfield>
    <subfield code="7">0</subfield>
    <subfield code="a">32.5</subfield>
    <subfield code="b">32.5</subfield>
    <subfield code="d">2024-06-08</subfield>
    <subfield code="l">0</subfield>
    <subfield code="o">890.2.217</subfield>
    <subfield code="p">MAG00040838</subfield>
    <subfield code="r">2024-06-08 21:00:40</subfield>
    <subfield code="w">2024-06-08</subfield>
    <subfield code="y">BK</subfield>
  </datafield>
  <datafield tag="952" ind1=" " ind2=" ">
    <subfield code="0">0</subfield>
    <subfield code="1">0</subfield>
    <subfield code="4">0</subfield>
    <subfield code="7">0</subfield>
    <subfield code="a">32.5</subfield>
    <subfield code="b">32.5</subfield>
    <subfield code="d">2024-06-08</subfield>
    <subfield code="l">0</subfield>
    <subfield code="o">890.2.217</subfield>
    <subfield code="p">MAG00040839</subfield>
    <subfield code="r">2024-06-08 21:00:40</subfield>
    <subfield code="w">2024-06-08</subfield>
    <subfield code="y">BK</subfield>
  </datafield>
  <datafield tag="952" ind1=" " ind2=" ">
    <subfield code="0">0</subfield>
    <subfield code="1">0</subfield>
    <subfield code="4">0</subfield>
    <subfield code="7">0</subfield>
    <subfield code="a">32.5</subfield>
    <subfield code="b">32.5</subfield>
    <subfield code="d">2024-06-08</subfield>
    <subfield code="l">0</subfield>
    <subfield code="o">890.2.217</subfield>
    <subfield code="p">MAG00040840</subfield>
    <subfield code="r">2024-06-08 21:00:40</subfield>
    <subfield code="w">2024-06-08</subfield>
    <subfield code="y">BK</subfield>
  </datafield>
  <datafield tag="952" ind1=" " ind2=" ">
    <subfield code="0">0</subfield>
    <subfield code="1">0</subfield>
    <subfield code="4">0</subfield>
    <subfield code="7">0</subfield>
    <subfield code="a">32.5</subfield>
    <subfield code="b">32.5</subfield>
    <subfield code="d">2024-06-08</subfield>
    <subfield code="l">0</subfield>
    <subfield code="o">890.2.217</subfield>
    <subfield code="p">MAG00040841</subfield>
    <subfield code="r">2024-06-08 21:00:40</subfield>
    <subfield code="w">2024-06-08</subfield>
    <subfield code="y">BK</subfield>
  </datafield>
  <datafield tag="952" ind1=" " ind2=" ">
    <subfield code="0">0</subfield>
    <subfield code="1">0</subfield>
    <subfield code="4">0</subfield>
    <subfield code="7">0</subfield>
    <subfield code="a">32.5</subfield>
    <subfield code="b">32.5</subfield>
    <subfield code="d">2024-06-08</subfield>
    <subfield code="l">0</subfield>
    <subfield code="o">890.2.217</subfield>
    <subfield code="p">MAG00040842</subfield>
    <subfield code="r">2024-06-08 21:00:40</subfield>
    <subfield code="w">2024-06-08</subfield>
    <subfield code="y">BK</subfield>
  </datafield>
  <datafield tag="952" ind1=" " ind2=" ">
    <subfield code="0">0</subfield>
    <subfield code="1">0</subfield>
    <subfield code="4">0</subfield>
    <subfield code="7">0</subfield>
    <subfield code="a">32.5</subfield>
    <subfield code="b">32.5</subfield>
    <subfield code="d">2024-06-08</subfield>
    <subfield code="l">0</subfield>
    <subfield code="o">890.2.217</subfield>
    <subfield code="p">MAG00040843</subfield>
    <subfield code="r">2024-06-08 21:00:40</subfield>
    <subfield code="w">2024-06-08</subfield>
    <subfield code="y">BK</subfield>
  </datafield>
  <datafield tag="952" ind1=" " ind2=" ">
    <subfield code="0">0</subfield>
    <subfield code="1">0</subfield>
    <subfield code="4">0</subfield>
    <subfield code="7">0</subfield>
    <subfield code="a">32.5</subfield>
    <subfield code="b">32.5</subfield>
    <subfield code="d">2024-06-08</subfield>
    <subfield code="l">0</subfield>
    <subfield code="o">890.2.217</subfield>
    <subfield code="p">MAG00040844</subfield>
    <subfield code="r">2024-06-08 21:00:40</subfield>
    <subfield code="w">2024-06-08</subfield>
    <subfield code="y">BK</subfield>
  </datafield>
  <datafield tag="952" ind1=" " ind2=" ">
    <subfield code="0">0</subfield>
    <subfield code="1">0</subfield>
    <subfield code="4">0</subfield>
    <subfield code="7">0</subfield>
    <subfield code="a">32.5</subfield>
    <subfield code="b">32.5</subfield>
    <subfield code="d">2024-06-08</subfield>
    <subfield code="l">0</subfield>
    <subfield code="o">890.2.217</subfield>
    <subfield code="p">MAG00040845</subfield>
    <subfield code="r">2024-06-08 21:00:40</subfield>
    <subfield code="w">2024-06-08</subfield>
    <subfield code="y">BK</subfield>
  </datafield>
  <datafield tag="952" ind1=" " ind2=" ">
    <subfield code="0">0</subfield>
    <subfield code="1">0</subfield>
    <subfield code="4">0</subfield>
    <subfield code="7">0</subfield>
    <subfield code="a">32.5</subfield>
    <subfield code="b">32.5</subfield>
    <subfield code="d">2024-06-08</subfield>
    <subfield code="l">0</subfield>
    <subfield code="o">890.2.217</subfield>
    <subfield code="p">MAG00040846</subfield>
    <subfield code="r">2024-06-08 21:00:40</subfield>
    <subfield code="w">2024-06-08</subfield>
    <subfield code="y">BK</subfield>
  </datafield>
  <datafield tag="952" ind1=" " ind2=" ">
    <subfield code="0">0</subfield>
    <subfield code="1">0</subfield>
    <subfield code="4">0</subfield>
    <subfield code="7">0</subfield>
    <subfield code="a">32.5</subfield>
    <subfield code="b">32.5</subfield>
    <subfield code="d">2024-06-08</subfield>
    <subfield code="l">0</subfield>
    <subfield code="o">890.2.217</subfield>
    <subfield code="p">MAG00040847</subfield>
    <subfield code="r">2024-06-08 21:00:40</subfield>
    <subfield code="w">2024-06-08</subfield>
    <subfield code="y">BK</subfield>
  </datafield>
  <datafield tag="952" ind1=" " ind2=" ">
    <subfield code="0">0</subfield>
    <subfield code="1">0</subfield>
    <subfield code="4">0</subfield>
    <subfield code="7">0</subfield>
    <subfield code="a">32.5</subfield>
    <subfield code="b">32.5</subfield>
    <subfield code="d">2024-06-08</subfield>
    <subfield code="l">0</subfield>
    <subfield code="o">890.2.217</subfield>
    <subfield code="p">MAG00040848</subfield>
    <subfield code="r">2024-06-08 21:00:40</subfield>
    <subfield code="w">2024-06-08</subfield>
    <subfield code="y">BK</subfield>
  </datafield>
  <datafield tag="952" ind1=" " ind2=" ">
    <subfield code="0">0</subfield>
    <subfield code="1">0</subfield>
    <subfield code="4">0</subfield>
    <subfield code="7">0</subfield>
    <subfield code="a">32.5</subfield>
    <subfield code="b">32.5</subfield>
    <subfield code="d">2024-06-08</subfield>
    <subfield code="l">0</subfield>
    <subfield code="o">890.2.217</subfield>
    <subfield code="p">MAG00040849</subfield>
    <subfield code="r">2024-06-08 21:00:40</subfield>
    <subfield code="w">2024-06-08</subfield>
    <subfield code="y">BK</subfield>
  </datafield>
  <datafield tag="952" ind1=" " ind2=" ">
    <subfield code="0">0</subfield>
    <subfield code="1">0</subfield>
    <subfield code="4">0</subfield>
    <subfield code="7">0</subfield>
    <subfield code="a">32.5</subfield>
    <subfield code="b">32.5</subfield>
    <subfield code="d">2024-06-08</subfield>
    <subfield code="l">0</subfield>
    <subfield code="o">890.2.217</subfield>
    <subfield code="p">MAG00040850</subfield>
    <subfield code="r">2024-06-08 21:00:40</subfield>
    <subfield code="w">2024-06-08</subfield>
    <subfield code="y">BK</subfield>
  </datafield>
  <datafield tag="952" ind1=" " ind2=" ">
    <subfield code="0">0</subfield>
    <subfield code="1">0</subfield>
    <subfield code="4">0</subfield>
    <subfield code="7">0</subfield>
    <subfield code="a">32.5</subfield>
    <subfield code="b">32.5</subfield>
    <subfield code="d">2024-06-08</subfield>
    <subfield code="l">0</subfield>
    <subfield code="o">890.2.217</subfield>
    <subfield code="p">MAG00040851</subfield>
    <subfield code="r">2024-06-08 21:00:40</subfield>
    <subfield code="w">2024-06-08</subfield>
    <subfield code="y">BK</subfield>
  </datafield>
  <datafield tag="952" ind1=" " ind2=" ">
    <subfield code="0">0</subfield>
    <subfield code="1">0</subfield>
    <subfield code="4">0</subfield>
    <subfield code="7">0</subfield>
    <subfield code="a">32.5</subfield>
    <subfield code="b">32.5</subfield>
    <subfield code="d">2024-06-08</subfield>
    <subfield code="l">0</subfield>
    <subfield code="o">890.2.217</subfield>
    <subfield code="p">MAG00040852</subfield>
    <subfield code="r">2024-06-08 21:00:40</subfield>
    <subfield code="w">2024-06-08</subfield>
    <subfield code="y">BK</subfield>
  </datafield>
  <datafield tag="952" ind1=" " ind2=" ">
    <subfield code="0">0</subfield>
    <subfield code="1">0</subfield>
    <subfield code="4">0</subfield>
    <subfield code="7">0</subfield>
    <subfield code="a">32.5</subfield>
    <subfield code="b">32.5</subfield>
    <subfield code="d">2024-06-08</subfield>
    <subfield code="l">0</subfield>
    <subfield code="o">890.2.217</subfield>
    <subfield code="p">MAG00040853</subfield>
    <subfield code="r">2024-06-08 21:00:40</subfield>
    <subfield code="w">2024-06-08</subfield>
    <subfield code="y">BK</subfield>
  </datafield>
  <datafield tag="952" ind1=" " ind2=" ">
    <subfield code="0">0</subfield>
    <subfield code="1">0</subfield>
    <subfield code="4">0</subfield>
    <subfield code="7">0</subfield>
    <subfield code="a">32.5</subfield>
    <subfield code="b">32.5</subfield>
    <subfield code="d">2024-06-08</subfield>
    <subfield code="l">0</subfield>
    <subfield code="o">890.2.217</subfield>
    <subfield code="p">MAG00040854</subfield>
    <subfield code="r">2024-06-08 21:00:40</subfield>
    <subfield code="w">2024-06-08</subfield>
    <subfield code="y">BK</subfield>
  </datafield>
  <datafield tag="952" ind1=" " ind2=" ">
    <subfield code="0">0</subfield>
    <subfield code="1">0</subfield>
    <subfield code="4">0</subfield>
    <subfield code="7">0</subfield>
    <subfield code="a">32.5</subfield>
    <subfield code="b">32.5</subfield>
    <subfield code="d">2024-06-08</subfield>
    <subfield code="l">0</subfield>
    <subfield code="o">890.2.217</subfield>
    <subfield code="p">MAG00040855</subfield>
    <subfield code="r">2024-06-08 21:00:40</subfield>
    <subfield code="w">2024-06-08</subfield>
    <subfield code="y">BK</subfield>
  </datafield>
  <datafield tag="952" ind1=" " ind2=" ">
    <subfield code="0">0</subfield>
    <subfield code="1">0</subfield>
    <subfield code="4">0</subfield>
    <subfield code="7">0</subfield>
    <subfield code="a">32.5</subfield>
    <subfield code="b">32.5</subfield>
    <subfield code="d">2024-06-08</subfield>
    <subfield code="l">0</subfield>
    <subfield code="o">890.2.217</subfield>
    <subfield code="p">MAG00040856</subfield>
    <subfield code="r">2024-06-08 21:00:40</subfield>
    <subfield code="w">2024-06-08</subfield>
    <subfield code="y">BK</subfield>
  </datafield>
  <datafield tag="952" ind1=" " ind2=" ">
    <subfield code="0">0</subfield>
    <subfield code="1">0</subfield>
    <subfield code="4">0</subfield>
    <subfield code="7">0</subfield>
    <subfield code="a">32.5</subfield>
    <subfield code="b">32.5</subfield>
    <subfield code="d">2024-06-08</subfield>
    <subfield code="l">0</subfield>
    <subfield code="o">890.2.217</subfield>
    <subfield code="p">MAG00040857</subfield>
    <subfield code="r">2024-06-08 21:00:40</subfield>
    <subfield code="w">2024-06-08</subfield>
    <subfield code="y">BK</subfield>
  </datafield>
  <datafield tag="952" ind1=" " ind2=" ">
    <subfield code="0">0</subfield>
    <subfield code="1">0</subfield>
    <subfield code="4">0</subfield>
    <subfield code="7">0</subfield>
    <subfield code="a">32.5</subfield>
    <subfield code="b">32.5</subfield>
    <subfield code="d">2024-06-08</subfield>
    <subfield code="l">0</subfield>
    <subfield code="o">890.2.217</subfield>
    <subfield code="p">MAG00040858</subfield>
    <subfield code="r">2024-06-08 21:00:40</subfield>
    <subfield code="w">2024-06-08</subfield>
    <subfield code="y">BK</subfield>
  </datafield>
  <datafield tag="952" ind1=" " ind2=" ">
    <subfield code="0">0</subfield>
    <subfield code="1">0</subfield>
    <subfield code="4">0</subfield>
    <subfield code="7">0</subfield>
    <subfield code="a">32.5</subfield>
    <subfield code="b">32.5</subfield>
    <subfield code="d">2024-06-08</subfield>
    <subfield code="l">0</subfield>
    <subfield code="o">890.2.217</subfield>
    <subfield code="p">MAG00040859</subfield>
    <subfield code="r">2024-06-08 21:00:40</subfield>
    <subfield code="w">2024-06-08</subfield>
    <subfield code="y">BK</subfield>
  </datafield>
  <datafield tag="952" ind1=" " ind2=" ">
    <subfield code="0">0</subfield>
    <subfield code="1">0</subfield>
    <subfield code="4">0</subfield>
    <subfield code="7">0</subfield>
    <subfield code="a">32.5</subfield>
    <subfield code="b">32.5</subfield>
    <subfield code="d">2024-06-08</subfield>
    <subfield code="l">0</subfield>
    <subfield code="o">890.2.217</subfield>
    <subfield code="p">MAG00040860</subfield>
    <subfield code="r">2024-06-08 21:00:40</subfield>
    <subfield code="w">2024-06-08</subfield>
    <subfield code="y">BK</subfield>
  </datafield>
  <datafield tag="952" ind1=" " ind2=" ">
    <subfield code="0">0</subfield>
    <subfield code="1">0</subfield>
    <subfield code="4">0</subfield>
    <subfield code="7">0</subfield>
    <subfield code="a">32.5</subfield>
    <subfield code="b">32.5</subfield>
    <subfield code="d">2024-06-08</subfield>
    <subfield code="l">0</subfield>
    <subfield code="o">890.2.217</subfield>
    <subfield code="p">MAG00040861</subfield>
    <subfield code="r">2024-06-08 21:00:40</subfield>
    <subfield code="w">2024-06-08</subfield>
    <subfield code="y">BK</subfield>
  </datafield>
  <datafield tag="952" ind1=" " ind2=" ">
    <subfield code="0">0</subfield>
    <subfield code="1">0</subfield>
    <subfield code="4">0</subfield>
    <subfield code="7">0</subfield>
    <subfield code="a">32.5</subfield>
    <subfield code="b">32.5</subfield>
    <subfield code="d">2024-06-08</subfield>
    <subfield code="l">0</subfield>
    <subfield code="o">890.2.217</subfield>
    <subfield code="p">MAG00040862</subfield>
    <subfield code="r">2024-06-08 21:00:40</subfield>
    <subfield code="w">2024-06-08</subfield>
    <subfield code="y">BK</subfield>
  </datafield>
  <datafield tag="952" ind1=" " ind2=" ">
    <subfield code="0">0</subfield>
    <subfield code="1">0</subfield>
    <subfield code="4">0</subfield>
    <subfield code="7">0</subfield>
    <subfield code="a">32.5</subfield>
    <subfield code="b">32.5</subfield>
    <subfield code="d">2024-06-08</subfield>
    <subfield code="l">0</subfield>
    <subfield code="o">890.2.217</subfield>
    <subfield code="p">MAG00040863</subfield>
    <subfield code="r">2024-06-08 21:00:40</subfield>
    <subfield code="w">2024-06-08</subfield>
    <subfield code="y">BK</subfield>
  </datafield>
  <datafield tag="952" ind1=" " ind2=" ">
    <subfield code="0">0</subfield>
    <subfield code="1">0</subfield>
    <subfield code="4">0</subfield>
    <subfield code="7">0</subfield>
    <subfield code="a">32.5</subfield>
    <subfield code="b">32.5</subfield>
    <subfield code="d">2024-06-08</subfield>
    <subfield code="l">0</subfield>
    <subfield code="o">890.2.217</subfield>
    <subfield code="p">MAG00040864</subfield>
    <subfield code="r">2024-06-08 21:00:40</subfield>
    <subfield code="w">2024-06-08</subfield>
    <subfield code="y">BK</subfield>
  </datafield>
  <datafield tag="952" ind1=" " ind2=" ">
    <subfield code="0">0</subfield>
    <subfield code="1">0</subfield>
    <subfield code="4">0</subfield>
    <subfield code="7">0</subfield>
    <subfield code="a">32.5</subfield>
    <subfield code="b">32.5</subfield>
    <subfield code="d">2024-06-08</subfield>
    <subfield code="l">0</subfield>
    <subfield code="o">890.2.217</subfield>
    <subfield code="p">MAG00040865</subfield>
    <subfield code="r">2024-06-08 21:00:40</subfield>
    <subfield code="w">2024-06-08</subfield>
    <subfield code="y">BK</subfield>
  </datafield>
  <datafield tag="952" ind1=" " ind2=" ">
    <subfield code="0">0</subfield>
    <subfield code="1">0</subfield>
    <subfield code="4">0</subfield>
    <subfield code="7">0</subfield>
    <subfield code="a">32.5</subfield>
    <subfield code="b">32.5</subfield>
    <subfield code="d">2024-06-08</subfield>
    <subfield code="l">0</subfield>
    <subfield code="o">890.2.217</subfield>
    <subfield code="p">MAG00040866</subfield>
    <subfield code="r">2024-06-08 21:00:40</subfield>
    <subfield code="w">2024-06-08</subfield>
    <subfield code="y">BK</subfield>
  </datafield>
  <datafield tag="952" ind1=" " ind2=" ">
    <subfield code="0">0</subfield>
    <subfield code="1">0</subfield>
    <subfield code="4">0</subfield>
    <subfield code="7">0</subfield>
    <subfield code="a">32.5</subfield>
    <subfield code="b">32.5</subfield>
    <subfield code="d">2024-06-08</subfield>
    <subfield code="l">0</subfield>
    <subfield code="o">890.2.217</subfield>
    <subfield code="p">MAG00040867</subfield>
    <subfield code="r">2024-06-08 21:00:40</subfield>
    <subfield code="w">2024-06-08</subfield>
    <subfield code="y">BK</subfield>
  </datafield>
  <datafield tag="999" ind1=" " ind2=" ">
    <subfield code="c">183950</subfield>
    <subfield code="d">183950</subfield>
  </datafield>
</record>
